000
00382nam a22001337a 4500
003
SGT
020
_a
9789390625468
082
_a
920
_b
D21N
100
_a
निर्मलेंदु, कुमार
245
_a
दिनकर:एक पुनर्विचार
260
_b
लोकभारती पेपरबैक्स
_c
2021
300
_a
368
942
_2
ddc
_c
BK
999
_c
31950
_d
31950